000 00570nam a2200241 a 4500
001 nice12345678
003 IN_TiNIC
005 20260116011416.0
008 050524s1994 teha grp 000 0 per
020 _a
_c100
082 0 0 _a891.51
_bROO
100 _aRoodki, Muhammad Ashmus
245 _aDiwan-E-Roodki
260 _aTehran
_bNo Publisher
_c1994
300 _a113p
500 _aincludes index and biblioraphy
505 2 _aIndex
650 _aPersian Poetry
700 1 _aRoodki, Muhammad Ashmus
902 _bSRS
942 _cBK
999 _c1269
_d1269